| Tag |
First Indicator |
Second Indicator |
Subfields |
| LEADER |
00000cam a2200000 a 4500 |
| 001 |
in00000018966 |
| 005 |
20151007054123.0 |
| 008 |
870911s1987 ne a b 10100 eng |
| 010 |
|
|
|a 87024835
|
| 020 |
|
|
|a 9024736218
|
| 035 |
|
|
|a (OCoLC)16802348
|
| 035 |
|
|
|9 AAB4047AM
|
| 040 |
|
|
|a DLC
|c DLC
|d OCL
|d TXA
|d UtOrBLW
|
| 049 |
|
|
|a TXAM
|c [A11114178]
|
| 050 |
0 |
0 |
|a SD396
|b .H668 1987
|
| 070 |
0 |
|
|a SD1.F627
|b [v.28]
|
| 082 |
0 |
|
|a 634.9
|2 19
|
| 245 |
0 |
0 |
|a Hormonal control of tree growth :
|b proceedings of the Physiology Working Group technical session, Society of American Foresters National Convention, Birmingham, Alabama, USA, October 6-9, 1986 /
|c edited by Susan V. Kossuth, Steve D. Ross.
|
| 264 |
|
1 |
|a Dordrecht ;
|a Boston :
|b Nijhoff ;
|c 1987.
|
| 264 |
|
2 |
|a Hingham, MA, USA :
|b Distributors for the U.S. and Canada, Kluwer Academic,
|
| 300 |
|
|
|a 243 pages :
|b illustrations ;
|c 25 cm.
|
| 336 |
|
|
|a text
|b txt
|2 rdacontent
|
| 337 |
|
|
|a unmediated
|b n
|2 rdamedia
|
| 338 |
|
|
|a volume
|b nc
|2 rdacarrier
|
| 490 |
1 |
|
|a Forestry sciences
|
| 504 |
|
|
|a Includes bibliographies and index.
|
| 650 |
|
0 |
|a Trees
|x Growth
|x Congresses.
|
| 650 |
|
0 |
|a Plant regulators
|v Congresses.
|
| 650 |
|
0 |
|a Plant hormones
|v Congresses.
|
| 700 |
1 |
|
|a Kossuth, S. V.
|
| 700 |
1 |
|
|a Ross, Steve D.,
|d 1941-
|
| 710 |
2 |
|
|a Society of American Foresters.
|b Physiology Working Group.
|
| 710 |
2 |
|
|a Society of American Foresters.
|b Convention
|d (1986 :
|c Birmingham, Ala.)
|
| 830 |
|
0 |
|a Forestry sciences.
|
| 999 |
|
|
|a MARS
|
| 999 |
f |
f |
|s fd155701-7679-3d5c-ab7d-1097b05d16b5
|i e80ee589-b5e8-373f-9ff7-9d953f78e95c
|t 0
|
| 952 |
f |
f |
|p ric
|a Texas A&M University
|b Rellis Campus
|c Joint Library Facility
|d Remote Storage
|t 0
|e SD396 .H668 1987
|h Library of Congress classification
|i unmediated -- volume
|m A14811114178
|
| 998 |
f |
f |
|a SD396 .H668 1987
|t 0
|l Remote Storage
|